00494nam a2200169Ia 450000500170000000800410001704000190005804100120007708200190008910000440010824500580015226000420021030000110025263000240026365100270028785000100031420220912144935.0131103s9999 xx 000 0 und d aLoreto College aEnglish a821.1bBEO-TOL aTolkien,John Ronald Revel,(1892 - 1973) aBeowulfbThe monsters and the critics cJ.R.R.Tolkien aLondonbOxford University Pressc1963 a53 p.  aBeowulf - Criticism aOld English Literature aLCLIB